Rainbow Six Siege Operator Quiz - Statistics

General Stats
  • This quiz has been taken 231 times
    176 since last reset
  • The average score is 50 of 75
Answer Stats
Season Answer % Correct
Pathfinders Ash
87%
Y1S1 - Black Ice Buck
84%
Y9S1 - Deadly Omen Deimos
83%
Pathfinders Mute
82%
Pathfinders Smoke
82%
Pathfinders Thatcher
81%
Pathfinders Castle
79%
Pathfinders Doc
79%
Pathfinders Sledge
78%
Pathfinders Thermite
78%
Pathfinders Blitz
77%
Y1S1 - Black Ice Frost
77%
Pathfinders Rook
76%
Pathfinders Twitch
76%
Y5S2 - Steel Wave Ace
74%
Y7S3 - Brutal Swarm Grim
74%
Y3S1 - Chemira Lion
74%
Pathfinders Pulse
74%
Y9S3 - Twin Shells Skopos
74%
Pathfinders Bandit
73%
Y1S2 - Dust Line BlackBeard
73%
Y3S1 - Chemira Finka
72%
Pathfinders Montagne
72%
Y9S2 - New Blood Sentry
72%
Y1S4 - Red Crow Hibana
71%
Y8S3 - Heavy Mettle Ram
71%
Y9S2 - New Blood Striker
70%
Y1S3 - Skull Rain Caveira
69%
Y2S4 - White Noise Dokkaebi
69%
Pathfinders Fuze
69%
Y2S4 - White Noise Vigil
69%
Y8S2 - Dread Factor Fenrir
68%
Pathfinders Iq
68%
Y3S4 - Wind Bastion Kaid
68%
Pathfinders Kapkan
68%
Y7S4 - Solar Raid Solis
68%
Y2S3 - Blood Orchid Ying
67%
Y8S1 - Commanding Force Brava
66%
Y1S4 - Red Crow Echo
66%
Y2S3 - Blood Orchid Lesion
65%
Pathfinders Tachanka
65%
Pathfinders Glaz
64%
Y4S3 - Ember Rise Goyo
64%
Y4S4 - Shifting Tides Kali
64%
Y1S2 - Dust Line Valkyrie
64%
Y5S4 - Neon Dawn Aruni
63%
Y5S1 - Void Edge Iana
63%
Pathfinders Jager
63%
Y3S3 - Grim Sky Clash
62%
Y4S2 - Phantom Sight Warden
62%
Y4S3 - Ember Rise Amaru
61%
Y7S1 - Demon Veil Azami
61%
Y2S1 - Velvet Shell Mira
61%
Y4S4 - Shifting Tides Wamai
61%
Y1S3 - Skull Rain Capitao
60%
Y4S1 - Burnt Horizon Gridlock
60%
Y4S2 - Phantom Sight Nokk
60%
Y3S4 - Wind Bastion Nomad
60%
Y4S1 - Burnt Horizon Mozzie
59%
Y5S1 - Void Edge Oryx
59%
Y10S1 - Prep Phase Raoura
59%
Y8S4 - Deep Freeze Tubarao
59%
Y3S2 - Para Bellum Alibi
58%
Y2S1 - Velvet Shell Jackal
58%
Y5S2 - Steel Wave Melusi
58%
Y2S4 - White Noise Zofia
58%
Y6S3 - Crystal Guard Osa
57%
Y5S3 - Shadow Legacy Zero
57%
Y2S3 - Blood Orchid Ela
56%
Y6S1 - Crimson Heist Flores
56%
Y6S2 - North Star Thunderbird
56%
Y6S4 - High Calibre Thorn
55%
Y3S2 - Para Bellum Maestro
51%
Y3S3 - Grim Sky Maverick
51%
Y7S2 - Vector Glare Sens
51%
No matching quizzes found
Score Distribution
Percent of People with Each Score
Percentile by Number Answered
Your Score History
You have not taken this quiz since the last reset